Circonscriptions législatives de la région Île-de-France sur une carte - Statistiques

Statistiques générales
  • Ce quiz a été pris 285 fois
  • Le résultat moyen est 71 sur 97
Réponses sur la Carte
Les réponses sont colorées sur une échelle allant du rouge au vert en fonction du pourcentage des utilisateurs qui les ont devinées à leur premier essai. Vous pouvez retrouver ces pourcentages ci-dessous.
 
Statistiques - réponses
Numéro Cantons inclus dans la circonscription % Correct
6 Paris 11e et 20e arrondissements
98%
8 Paris 12e et 20e arrondissements
98%
9 Paris 13e arrondissement
98%
10 Paris 13e et 14e arrondissements
98%
13 Paris 15e arrondissement
98%
14 Paris 16e arrondissement
98%
4 Paris 16e et 17e arrondissements
98%
3 Paris 17e et 18e arrondissements
98%
17 Paris 18e et 19e arrondissement
98%
16 Paris 19e arrondissement
98%
1 Paris 1er, 2e, 8e et 9e arrondissements
98%
15 Paris 20e arrondissement
98%
5 Paris 3e et 10e arrondissements
98%
7 Paris 4e, 11e et 12e arrondissements
98%
2 Paris 5e, 6e et 7e arrondissements
98%
11 Paris 6e et 14e arrondissements
98%
12 Paris 7e et 15e arrondissements
98%
18 Paris 9e et 18e arrondissement
98%
10 Boulogne-Billancourt Sud, Issy-les-Moulineaux Est, Issy-les-Moulineaux Ouest, Vanves
95%
1 Epinay-sur-Seine, Saint-Denis Sud, Saint Ouen
95%
2 Pierrefitte-sur-Seine, Saint-Denis Nord-Est, Saint-Denis Nord-Ouest
93%
1 Montigny-le-Bretonneux, Versailles Nord, Versailles Nord-Ouest, Versailles Sud
92%
2 Chevreuse, Vélizy-Villacoublay, Versailles Sud, Viroflay
90%
2 Choisy-le-Roi, Créteil Ouest, Créteil Sud, Orly
89%
12 Plaisir, Poissy Sud, Auteuil, Autouillet, Beynes, Boissy-sans-Avoir, Flexanville, Goupillières, Marcq, Neauphle-le-Château, Neauphle-le-Vieux, Saint-Germain-de-la-Grange, Saulx-Marchais, Thoiry, Vicq, Villiers-le-Mahieu, Villiers-Saint-Fréderic, Poissy
88%
1 Corbeil-Essonnes Est, Corbeil-Essonnes Ouest, Evry Nord, Evry Sud
87%
1 Bonneuil-sur-Marne, Champigny-sur-Marne Ouest, Créteil Nord, Saint-Maur-des-Fossés Centre, Saint-Maur-des-Fossés Ouest, Saint-Maur-la-Varenne
86%
2 Cergy Sud, L'Isle-Adam, Saint-Ouen-l'Aumône, Viarmes, Neuville-sur-Oise
86%
5 Bobigny, Le Bourget, Drancy
85%
4 Bray-sur-Seine, Donnemarie-Dontilly, La Ferté-Gaucher, Nangis, Provins, Rebais, Rozay-en-Brie, Villiers-Saint-Georges
85%
6 Courbevoie Sud, Neuilly-sur-Seine Nord, Neuilly-sur-seine Sud, Puteaux
85%
4 Nanterre Nord, Nanterre Sud-Est, Nanterre Sud-Ouest, Suresnes
85%
8 Garges-lès-Gonesse Est, Garges-lès-Gonesse Ouest, Sarcelles Nord-Est, Villiers-le-Bel
84%
1 Melun Nord, Melun Sud, Perthes
84%
10 Cergy Nord, L'Hautil
83%
7 Garches, Rueil-Malmaison, Saint-Cloud
83%
10 Ivry-sur-Seine Est, Ivry-sur-Seine Ouest, Le Kremlin-Bicêtre, Vitry-sur-Seine Nord
82%
3 Neuilly-sur-Marne, Neuilly-Plaisance, Noisy-le-Grand
82%
9 Boulogne-Billancourt Nord-Est, Boulogne-Billancourt Nord-Ouest, Boulogne-Billancourt Sud
81%
6 Lizy-sur-Ourcq, Meaux Nord, Meaux Sud, Cuisy, Forfry, Gesvres-le-Chapitre, Juilly, Marchémoret, Montgé-en-Goële, Monthyon, Oissery, Le Plessis-l'Evêque, Rouvres, Saint-Mard, Saint-Pathus, Saint-Soupplets, Vinantes
81%
13 Antony, Bourg-la-Reine, Châtenay-Malabry, Sceaux
80%
1 Beaumont-sur-Oise, Magny-en-Vexin, Marines, Pontoise, La Vallée-du-Sausseron, Vigny
79%
10 Maurepas, Monfort-l'Amaury, Rambouillet, Saint-Arnoult-en-Yvelines
78%
7 Bagnolet, Montreuil Est, Montreuil Nord, Montreuil Ouest
77%
6 Fontenay-sous-Bois Est, Fontenay-sous-Bois Ouest, Saint-Mandé, Vincennes Est, Vincennes Ouest
77%
5 Clichy, Levallois-Perret Nord, Levallois-Perret Sud
76%
1 Colombes Nord-Est, Colombes Nord-Ouest, Gennevilliers Nord, Gennevilliers Sud, Villeneuve-la-Garenne
76%
2 La Chapelle-la-Reine, Château-Landon, Fontainebleau, Lorrez-le-Bocage-Préaux, Nemours
76%
5 Argenteuil Est, Argenteuil Nord, Argenteuil Ouest, Bezons
75%
6 Aubervilliers Est, Aubervilliers Ouest, Pantin Est, Pantin Ouest
75%
9 Draveil, Epinay-sous-Sénart, Ris-Orangis, Saint-Germain-lès-Corbeil
75%
4 Chennevières-sur-Marne, Ormesson-sur-Marne, Sucy-en-Brie, Villiers-sur-Marne
74%
8 Limay, Mantes-la-Jolie, Mantes-la-Ville
74%
6 Chilly-Mazarin, Massy Est, Massy Ouest, Palaiseau
72%
9 Bondy Nord-Ouest, Les Lilas, Noisy-le-Sec, Romainville
71%
7 Domont, Ecouen, Montmorency, Sarcelles Sud-Ouest
71%
2 Etampes, La Ferté-Alais, Mennecy, Méréville, Milly-la-Forêt
71%
6 Le Pecq, Saint-Germain-en-Laye Nord, Saint-Germain-en-Laye Sud, Carrières-sous-Poissy, Médan, Villennes-sur-Seine
71%
9 Alfortville Nord, Alfortville Sud, Vitry-sur-Seine Est, Vitry-sur-Seine Ouest
70%
11 Arcueil, Cachan, Villejuif Est, Villejuif Ouest
70%
11 Bagneux, Malakoff, Montrouge
70%
5 Bry-sur-Marne, Champigny-sur-Marne Centre, Champigny-sur-Marne Est, Nogent-sur-Marne, Le Perreux-sur-Marne
70%
8 Roissy-en-Brie, Thorigny-sur-Marne, Torcy
69%
10 Aulnay-sous-Bois Nord, Aulnay-sous-Bois Sud, Bondy Sud-Est, Les Pavillons-sous-Bois
68%
7 Chevilly-Larue, Fresnes, L'Hay-les-Roses, Thiais
68%
2 Asnières-sur-Seine Nord, Asnières-sur-Seine Sud, Colombes Sud
67%
12 Châtillon, Clamart, Fontenay-aux-Roses, Le Plessis-Robinson
67%
11 Sevran, Tremblay-en-France, Villepinte
66%
11 Saint-Cyr-l'Ecole, Trappes, Elancourt, La Verrière, Le Mesnil-Saint-Denis
64%
3 Bois-Colombes, Courbevoie Nord, Courbevoie Sud, La Garenne-Colombes
62%
8 Chaville, Meudon, Sèvres
61%
4 Le Blanc-Mesnil, La Courneuve, Stains, Dugny
60%
8 Charenton-le-Pont, Joinville-le-Pont, Maisons-Alfort Nord, Maisons-Alfort Sud
56%
12 Livry-Gargan, Montfermeil, Le Raincy
56%
3 Boissy-Saint-Léger, Valenton, Villecresnes, Villeneuve-le-Roi, Villeneuve-Saint-Georges
55%
5 Bièvres, Gif-sur-Yvette, Orsay, Les Ulis
53%
10 Champs-sur-Marne, Chelles, Noisiel, Vaires-sur-Marne
53%
8 Gagny, Rosny-sous-Bois, Villemomble
52%
7 Athis-Mons, Juvisy-sur-Orge, Savigny-sur-Orge, Viry-Châtillon
51%
5 Maisons-Laffitte, Sartrouville, Le Vésinet
51%
9 Brie-Comte-Robert, Pontault-Combault, Tournan-en-Brie, Combs-la-Ville
49%
10 Grigny, Morsang-sur-Orge, Sainte-Geneviève-des-Bois, Saint-Michel-sur-Orge
49%
8 Brunoy, Montgeron, Vigneux-sur-Seine, Yerres
47%
11 Combs-la-Ville, Le Mée-sur-Seine, Savigny-le-Temple
47%
3 Arpajon, Brétigny-sur-Orge, Dourdan, Etréchy, Saint-Chéron
46%
7 Claye-Souilly, Dammartin-en-Goële, Lagny-sur-Marne, Mitry-Mory
45%
9 Gonesse, Goussainville, Luzarches
45%
9 Aubergenville, Bonnières-sur-Seine, Guerville, Houdan, Les Mureaux, Chapet
42%
4 Chatou, Houilles, Marly-le-Roi
42%
5 Coulommiers, Crécy-la-Chapelle, La Ferté-sous-Jouarre, Bailly-Romainvilliers, Magny-le-Hongre, Serris
42%
7 Andrésy, Conflans-Sainte-Honorine, Meulan, Triel-sur-Seine
40%
6 Enghien-les-Bains, Saint-Gratien, Sannois, Soisy-sous-Montmorency
40%
4 Eaubonne, Ermont, Franconville, Saint-Leu-la-Forêt
39%
4 Limours, Longjumeau, Montlhéry, Villebon-sur-Yvette, Bruyères-le-Châtel, Ollainville
34%
3 Beauchamp, Cormeilles-en-Parisis, Herblay, Taverny
31%
3 La Celle-Saint-Cloud, Le Chesnay, Saint-Nom-la-Bretèche, Les Clayes-sous-Bois
29%
3 Le Châtelet-en-Brie, Montereau-Fault-Yonne, Moret-sur-Loing, Mormant
28%
Aucun quiz correspondant
Distribution des résultats
% des personnes avec chaque résultat
Percentile par nombre de réponses
Votre historique - résultats
Vous n’avez pas pris ce quiz